LEADER 00966nam0-22003011i-450- 001 990006539960403321 005 20001010 035 $a000653996 035 $aFED01000653996 035 $a(Aleph)000653996FED01 035 $a000653996 100 $a20001010d--------km-y0itay50------ba 101 0 $aita 105 $ay-------001yy 200 1 $a<>libertà costituzionali di riunione e di diffusione del pensiero e le limitazioni di polizia$fRaffaele Vaccaro 210 $aNapoli$cs.e.$ds.d. (Tip. Stiped) 215 $a12 p.$d22 cm 300 $a"Estratto da 'Il Foro Penale' - Anno V- Fasc. VI". 676 $a342.4508 700 1$aVaccaro,$bRaffaele$0409393 801 0$aIT$bUNINA$gRICA$2UNIMARC 901 $aBK 912 $a990006539960403321 952 $aBUSTA I B 8$b67$fFSPBC 959 $aFSPBC 996 $aLibertà costituzionali di riunione e di diffusione del pensiero e le limitazioni di polizia$9619393 997 $aUNINA DB $aGEN01 LEADER 01180nam0-22003611i-450- 001 990001222200403321 035 $a000122220 035 $aFED01000122220 035 $a(Aleph)000122220FED01 035 $a000122220 100 $a20000920d1968----km-y0itay50------ba 101 0 $afre 200 1 $aEléments de la recherche operationnelle$eexposé succinct des méthodes, enrichi de 50 exercices et problémes, presque tuos résolus, et de 10 programmes en langage symbolique$fRobert Faure 210 $aParis$cGauthier-Villars$d1968 225 1 $aCollection Programmation 300 $aPublications de l'Institut de Programmation de la Faculté des Sciences de Paris 610 0 $aRicerca operativa 610 0 $aProgrammazione matematica 676 $a519.7 700 1$aFaure,$bRobert$0734 702 1$aBloch,$bManuel 702 1$aGuillot Le Garff,$bNicole-Sylvie 801 0$aIT$bUNINA$gRICA$2UNIMARC 901 $aBK 912 $a990001222200403321 952 $a9-I-1$b8068$fMA1 959 $aMA1 962 $a90-02 962 $a65-02 962 $a90CXX 996 $aEléments de la recherche operationnelle$9343198 997 $aUNINA DB $aING01 LEADER 03557nam 22006735 450 001 9910760251603321 005 20251009082134.0 010 $a9783031464027 010 $a3031464028 024 7 $a10.1007/978-3-031-46402-7 035 $a(MiAaPQ)EBC30878254 035 $a(Au-PeEL)EBL30878254 035 $a(CKB)28806318700041 035 $a(OCoLC)1409531524 035 $a(DE-He213)978-3-031-46402-7 035 $a(EXLCZ)9928806318700041 100 $a20231109d2023 u| 0 101 0 $aeng 135 $aurcnu|||||||| 181 $ctxt$2rdacontent 182 $cc$2rdamedia 183 $acr$2rdacarrier 200 10$aData Enclaves /$fby Kean Birch 205 $a1st ed. 2023. 210 1$aCham :$cSpringer Nature Switzerland :$cImprint: Palgrave Macmillan,$d2023. 215 $a1 online resource (146 pages) 225 0 $aSocial Sciences Series 311 08$aPrint version: Birch, Kean Data Enclaves Cham : Palgrave Macmillan,c2023 9783031464010 327 $a1 Introduction -- 2 What is Big Tech? -- 3 The Rise of Data Rentiership -- 4 Emerging Data Enclaves -- 5 Monopoly, Competition, and Emergent Data -- 6 A New Policy Agenda for Data Governance. 330 $aThis book focuses on our increasing dependence upon Big Tech to live, manage, and enjoy our lives. The author examines how we freely exchange our personal data for access to online platforms, services, and devices without proper consideration of the implications of this trade. Our personal data is the defining resource of the emerging digital economy, and it is increasingly concentrated in a few data enclaves controlled by Big Tech firms, cementing an increasingly parasitic form of technoscientific innovation. Big Tech controls access to these data, dictates the terms of our use of their services and products, and controls the future development of key technologies like artificial intelligence. The contention of this book is that we need to rethink our political and policy approach to data governance and to do so requires unpacking the peculiarities of personal data and how personal data are transformed into a valuable asset. Kean Birch is Director of the Institutefor Technoscience & Society and Professor in the Science & Technology Studies Graduate Program at York University, Canada. He has been a Visiting Scholar at Copenhagen Business School and the Munich Center for Technology & Society, Technical University Munich. He is especially interested in understanding how different things are transformed into assets and what this means for our increasingly technoscientific economies and societies. 606 $aScience$xSocial aspects 606 $aEconomics 606 $aPolitical science 606 $aSociology 606 $aHuman geography 606 $aScience and Technology Studies 606 $aPolitical Economy and Economic Systems 606 $aPolitical Science 606 $aSociology 606 $aHuman Geography 615 0$aScience$xSocial aspects. 615 0$aEconomics. 615 0$aPolitical science. 615 0$aSociology. 615 0$aHuman geography. 615 14$aScience and Technology Studies. 615 24$aPolitical Economy and Economic Systems. 615 24$aPolitical Science. 615 24$aSociology. 615 24$aHuman Geography. 676 $a303.4833 700 $aBirch$b Kean$0905131 801 0$bMiAaPQ 801 1$bMiAaPQ 801 2$bMiAaPQ 906 $aBOOK 912 $a9910760251603321 996 $aData Enclaves$93598029 997 $aUNINA